00522 2200205 4500001002100000005001500021035002000036245003800056100001700094300003400111260003000145082001000175084001600185020001800201600002900219990001700248990001700265990001700282990001700299INLIS00000000000048020241113070614 a0010-11240000481 aRumah Tanpa Hutang /cAkram Ridha0 aRidha, Akram a180 hlm :bilus ;c14 X 21 cm aJakarta :bKhalifa,c2005 a332.7 a332.7 RID r a979-99871-0-5 4aRumah tangga yang tenang a1225/PP/2023 a1226/PP/2023 a1939/PP/2024 a4631/PP/2026